| 000 | 00550nam a22002057a 4500 | ||
|---|---|---|---|
| 003 | OSt | ||
| 005 | 20140310181805.0 | ||
| 008 | 130704t xxu||||| |||| 00| 0 eng d | ||
| 020 | _a9780375426100 | ||
| 050 |
_aG1021 _b.W927 2007 |
||
| 082 |
_aREF 912 _bW89 2007 |
||
| 245 | _aWorld atlas and encyclopedia | ||
| 260 |
_aNew York : _b Random House, _cc2007. |
||
| 300 |
_a448 p. : _bill. col. ; _c28 cm. |
||
| 520 | _a1. Atlas. 2. Encyclopedia. | ||
| 521 | _aBasic Ed. Students | ||
| 541 | _j1 | ||
| 562 | _e1 | ||
| 942 |
_2lcc _cBK-GR _kREF |
||
| 999 |
_c3782 _d3782 |
||